| 000 | 00549nam a22001817a 4500 | ||
|---|---|---|---|
| 005 | 20231024105804.0 | ||
| 008 | 231024b |||||||| |||| 00| 0 eng d | ||
| 020 | _a9780409055023 | ||
| 041 | _aEnglish | ||
| 082 | _a347 MAR | ||
| 100 |
_aMarnewick, CG _lEnglish |
||
| 245 |
_aLitigation Skills for South African Lawyers / _cCG Marnewick |
||
| 250 | _aThird Edition | ||
| 260 |
_aDurban : _bLexisNexis Butterworth, _c2007 |
||
| 300 |
_bxvii, 507 pages ; _c24.4 cm. |
||
| 650 |
_aLegal practice _bLaw |
||
| 942 |
_cBK _6ALISON_B_N__VRIES |
||
| 999 |
_c17 _d17 |
||